LEADER 00889nam0-2200325---450 001 990010072860403321 005 20190611125056.0 010 $a9781441926364 035 $a001007286 035 $aFED01001007286 035 $a(Aleph)001007286FED01 035 $a001007286 100 $a20160516d2010----km-y0itay50------ba 101 0 $aeng 102 $aUS 105 $a--------001yy 200 1 $aGenomics of disease$fJ.P. Gustafson, J. Taylor, and G. Stacey, editors 210 $aNew York$cSpringer$d2010 215 $aXVIII, 221 p.$cill.$d24 cm 610 0 $aEpidemiologia veterinaria 610 0 $aGenetica 676 $a636.08944$v22$zita 702 1$aGustafson,$bJ. Perry 801 0$aIT$bUNINA$gRICA$2UNIMARC 901 $aBK 912 $a990010072860403321 952 $aVII B 57$b56$fFMVBC 959 $aFMVBC 996 $aGenomics of disease$91556665 997 $aUNINA LEADER 01227nam0 22003131i 450 001 RML0269312 005 20231121125724.0 010 $a2708118005 100 $a20121121d1997 ||||0itac50 ba 101 | $afre 102 $afr 181 1$6z01$ai $bxxxe 182 1$6z01$an 200 1 $aRéférencement et déféréncement en grande distribution$fPaul Farizy, Marcel Vincent 210 $aParis $cÉditions d'Organisation $d1997 215 $a231 p.$cgraf.$d24 cm 300 $aInclude riferimenti bibliografici e indice. -2. rist. 606 $aDistribuzione$xMarketing$2FIR$3RMLC399157$9I 676 $a380.1065$9$v20 700 1$aFarizy$b, Paul$3RMLV173663$01444587 701 1$aVincent$b, Marcel$3RMLV173662$01444588 801 3$aIT$bIT-01$c20121121 850 $aIT-FR0098 899 $aBiblioteca Area Giuridico Economica$bFR0098 912 $aRML0269312 950 0$aBiblioteca Area Giuridico Economica$d 53TER 380.1065/2$e 53VM 0000397025 VM barcode:ECO012951. - Inventario:6162. - Fondo:Sala consultazioneVM$fA $h20040310$i20121204 977 $a 53 996 $aRéférencement et déféréncement en grande distribution$93625197 997 $aUNICAS